01063nam a2200241Ia 4500001000600000003000900006008004100015040001300056040001300069041001300082100001600095100002900111245007200140245005200212250001100264260001000275260001300285260004900298300005900347500035900406650002500765650003100790 8050IT-RoPAU130308s9999 xx 000 0 und d aIT-RoPAU cIT-RoPAU aFRANCESE aDubois Jean gCodice Aut. SPICS: 7087 aMouvements observes dans les suffixations en francais contemporain  bIntroduction a la Lexicographie-Le Dictionnaire a1a ed. aPARIS bLarousse c1971 [1° Ed.:1971 - Ed.Ling.Originale:1971] a"65 p. (prefazione: no ; testo: 65 [pagine: 133-197])" aMutamento Nei Suffissi del Francese Contemporaneo inventari lessicali linee Generali dell'evoluzione Tabelle comparative Suffissi di Nomi D'Azione Agenti e Strumenti Aggettivi Verbali modificazioni Nei Verbi Derivati da Sostantivi Nuovi Suffissi tecnici e scientifici integrazione tra Suffissi Stranieri e Francesi Differenziazioni tra Suffissi Paralleli aSAGGI DI LINGUISTICA eCodice materia Spics: 3207